Largest U.S. Cities Excluding the Largest Cities in their State - Statistics

General Stats
  • This quiz has been taken 35 times
  • The average score is 44 of 50
Answer Stats
State Pop. Answer % Correct
TX 974,447 Austin
100%
TX 1,299,544 Dallas
100%
TX 677,456 El Paso
100%
TN 621,055 Memphis
100%
TX 1,472,909 San Antonio
100%
CA 1,381,162 San Diego
100%
CA 808,437 San Francisco
100%
CA 971,233 San Jose
100%
AZ 546,574 Tucson
100%
CO 486,248 Colorado Springs
97%
CA 545,567 Fresno
97%
AZ 512,498 Mesa
97%
NC 476,587 Raleigh
97%
OK 411,867 Tulsa
97%
OH 309,513 Cincinnati
94%
OH 361,607 Cleveland
94%
TX 956,709 Fort Worth
94%
KY 320,347 Lexington
94%
FL 449,514 Miami
94%
FL 316,081 Orlando
94%
PA 302,898 Pittsburgh
94%
NV 273,448 Reno
94%
MN 303,176 St. Paul
94%
FL 398,173 Tampa
94%
CA 344,461 Anaheim
91%
CA 528,001 Sacramento
91%
CO 393,537 Aurora
88%
NY 276,486 Buffalo
88%
WI 272,903 Madison
88%
CA 430,553 Oakland
88%
TX 394,602 Arlington
84%
CA 410,647 Bakersfield
84%
NC 301,115 Greensboro
84%
NE 292,627 Lincoln
84%
TX 316,239 Corpus Christi
81%
NV 331,415 Henderson
81%
NJ 286,670 Jersey City
81%
CA 451,307 Long Beach
81%
NV 280,543 North Las Vegas
81%
MO 286,578 St. Louis
81%
IN 267,927 Fort Wayne
78%
CA 320,764 Riverside
78%
NC 291,928 Durham
75%
CA 321,819 Stockton
75%
CA 313,685 Irvine
72%
CA 308,189 Santa Ana
72%
AZ 275,346 Gilbert
69%
TX 289,547 Plano
66%
AZ 280,711 Chandler
63%
CA 279,170 Chula Vista
41%
No matching quizzes found
Score Distribution
Percent of People with Each Score
Percentile by Number Answered
Your Score History
You have not taken this quiz